000 01012nam a22003257a 4500
001 BR0200895
003 BR-BrBNA
005 20230928101015.0
007 ta
008 230509b bl.||||| |||| 00| 0 por d
040 _aBR-BrBNA
_bpor
_cBiblioteca Nacional de Agricultura
041 _a(Por)
072 _aL01; E70; E14
_b9410
090 _ 9410 BR0200895
100 1 _aBreda, N.L.
110 1 _aUniversidade Federal de Lavras, MG (Brasil)
_0Tese (Mestre em Administracao Rural)
245 1 _aCoordenacao da cadeia produtiva do leite: um estudo de subsistemas no oeste de Santa Catarina
260 3 _aLavras, MG (Brasil):
_c2001.
300 _a173 p.
500 _aSummaries (Eng, Por); Bibliography p. 166-173; 7 illus.; 7 tables
650 _aLeite
650 _aProducao Leiteira
650 _aAgribusiness
650 _aAgricultura Familiar
650 _aLaticinio
650 _aAssistencia Tecnica
650 _aSanta Catarina
909 _a202309
_bLucia
_c55
_dLucia Elande
942 _cBK
999 _c63841
_d63841